Spain Current Squad - Statistics

General Stats
  • This quiz has been taken 131 times
    48 since last reset
  • The average score is 19 of 27
Answer Stats
Role Club Player Name % Correct
Goalkeeper Arsenal David Raya
100%
Goalkeeper Athletic Bilbao Unai Simón
92%
Midfielder Paris Saint-Germain Fabián Ruiz
90%
Forward Barcelona Lamine Yamal
90%
Forward Athletic Bilbao Nico Williams
87%
Midfielder Barcelona Pedri
87%
Defender Chelsea Marc Cucurella
85%
Defender Barcelona Pau Cubarsí
85%
Midfielder Barcelona Gavi
82%
Midfielder Arsenal Martín Zubimendi
79%
Midfielder Arsenal Mikel Merino
79%
Defender Tottenham Hotspur Pedro Porro
79%
Defender Bayer Leverkusen Álex Grimaldo
74%
Midfielder Barcelona Dani Olmo
74%
Forward Real Sociedad Mikel Oyarzabal
74%
Forward Galatasaray Álvaro Morata
69%
Midfielder Barcelona Fermín López
67%
Defender Atlético Madrid Robin Le Normand
64%
Goalkeeper Real Sociedad Álex Remiro
62%
Defender Real Madrid Dean Huijsen
59%
Defender Athletic Bilbao Daniel Vivian
56%
Forward Porto Samu Aghehowa
54%
Coach - Luis de la Fuente
51%
Midfielder Real Betis Isco
46%
Forward Atlético Madrid Álex Baena
44%
Defender Celta Vigo Óscar Mingueza
38%
Forward Villarreal Yéremy Pino
31%
No matching quizzes found
Score Distribution
Percent of People with Each Score
Percentile by Number Answered
Your Score History
You have not taken this quiz since the last reset